Confessarius monialium : Commoda, Brevi & Practica Methodo Instructus circa earum Obligationes, Privilegia & caetera fere omnia ad hanc Materiam spectantia. (Registro nro. 18523)

000 -CABECERA
Campo de control de longitud fija 01565nam a22002777a 4500
001 - NÚMERO DE CONTROL
Campo de control BH32734
003 - IDENTIFICADOR DEL NÚMERO DE CONTROL
Campo de control ES-SlBCS
005 - FECHA Y HORA DE LA ÚLTIMA TRANSACCIÓN
Campo de control 20260702084056.0
008 - CÓDIGOS DE INFORMACIÓN DE LONGITUD FIJA
Campo de control de longitud fija 260702s1764 it |||||| |001 ||lat|c
040 ## - FUENTE DE LA CATALOGACIÓN
Centro catalogador del origen ES-SIBCS
Lengua de catalogación spa
041 ## - CÓDIGO DE LENGUA
Código de lengua del texto/banda sonora o título independiente lat
080 ## - NÚMERO DE LA CLASIFICACIÓN DECIMAL UNIVERSAL
Número de la Clasificación Decimal Universal 265.6
100 1# - PUNTO DE ACCESO PRINCIPAL-NOMBRE DE PERSONA
Nombre de persona Alexandris, Cayetano de (CC. RR. MM.)
9 (RLIN) 11785
245 10 - MENCIÓN DE TÍTULO
Título Confessarius monialium : Commoda, Brevi & Practica Methodo Instructus circa earum Obligationes, Privilegia & caetera fere omnia ad hanc Materiam spectantia.
Mención de responsabilidad, etc. A. P. D. Cajetano de Alexandris Clerico Regulari Sacrae Theologiae Professore.
260 ## - PUBLICACIÓN, DISTRIBUCIÓN, ETC... (PIE DE IMPRENTA)
Lugar de publicación, distribución, etc. Venetiis :
Nombre del editor, distribuidor, etc. Ex Typographia Balleoniana
Fecha de publicación, distribución, etc. , 1764
300 ## - DESCRIPCIÓN FÍSICA
Extensión [4], 452, [4] bl. 115, p. ;
Otras características físicas 17 cm
500 ## - NOTA GENERAL
Nota general Portada s con grab. xilo.
505 ## - NOTA DE CONTENIDO CON FORMATO
Nota de contenido con formato Index
Título De Monialium obligationibus ratione status 1 De puellarum receptione ad habitum 13 De Monialium consecratione 61 De voti paupertati obligatione 66 De voto religiosae castitatis 93 De Monialium subjectione erga Superiores ex vi Voti Obedientiae 101 De Monialium obligatione quoad Clausuram 190 De praecipuis Monialium obligationibus 277 De obligationibus Monialium quoad electionem Abbatissae 296 De Monialium Privilegiis 310 De particularium Monialium obligationibus & privilegiis 322
505 ## - NOTA DE CONTENIDO CON FORMATO
Nota de contenido con formato Appendices, Emendationes et Additamenta eidem facta 3 al 115
561 ## - NOTA DE PROCEDENCIA
Procedencia Convento de Jerez
650 ## - PUNTO DE ACCESO ADICIONAL DE MATERIA-TÉRMINO DE MATERIA
Término de materia o nombre geográfico como elemento inicial Moral católica
Subdivisión de forma Confesores monjas
Subdivisión de materia general Obras anteriores a 1800
9 (RLIN) 11786
653 00 - TÉRMINO DE INDIZACIÓN-NO CONTROLADO
Término no controlado Confessi�o
700 ## - PUNTO DE ACCESO ADICIONAL-NOMBRE DE PERSONA
Nombre de persona Jo. Bapt. Negri
Término indicativo de función additamenta
9 (RLIN) 25516
752 ## - PUNTO DE ACCESO ADICIONAL-NOMBRE JERÁRQUICO DE LUGAR
País o entidad superior Italia
Ciudad Venecia
942 ## - ENTRADA DE ELEMENTOS AGREGADOS (KOHA)
Fuente de clasificaión o esquema
Koha [por defecto] tipo de item Libro Antiguo
Existencias
Suprimido Perdido Fuente de clasificación o esquema Estropeado No para préstamo Localización permanente Localización actual Fecha adquisición Préstamos totales Signatura completa Número de Registro / Código de Barras Fecha última consulta Fecha del precio de reemplazo Tipo de item de Koha
          Biblioteca Histórica Biblioteca Histórica 02/07/2026   S.XVIII-15218 BH32734 02/07/2026 02/07/2026 Libro Antiguo

Bibliotecas Dominicos Provincia Hispania, 2016

Con tecnología Koha